<?xml version="1.0" encoding="UTF-8"?>
<record
    xmlns:xsi="http://www.w3.org/2001/XMLSchema-instance"
    xsi:schemaLocation="http://www.loc.gov/MARC21/slim http://www.loc.gov/standards/marcxml/schema/MARC21slim.xsd"
    xmlns="http://www.loc.gov/MARC21/slim">

  <leader>03639nam a2200349   4500</leader>
  <controlfield tag="001">114582</controlfield>
  <controlfield tag="003">DR-UNIBE</controlfield>
  <controlfield tag="005">20260415153322.0</controlfield>
  <controlfield tag="008">260415b2026    dr ||||| |||| 00| 0 spa d</controlfield>
  <datafield tag="020" ind1=" " ind2=" ">
    <subfield code="a">9789945941982 (impreso)</subfield>
  </datafield>
  <datafield tag="020" ind1=" " ind2=" ">
    <subfield code="a">9789945941999 (electr&#xF3;nico)</subfield>
  </datafield>
  <datafield tag="040" ind1=" " ind2=" ">
    <subfield code="a">BIBLIOTECA UNIBE</subfield>
    <subfield code="b">spa</subfield>
    <subfield code="c">BIBLIOTECA UNIBE</subfield>
  </datafield>
  <datafield tag="041" ind1=" " ind2=" ">
    <subfield code="a">spa</subfield>
  </datafield>
  <datafield tag="082" ind1=" " ind2=" ">
    <subfield code="2">22</subfield>
    <subfield code="a">RD 628.162 I59p 2026</subfield>
  </datafield>
  <datafield tag="110" ind1="2" ind2=" ">
    <subfield code="a">Instituto Geogr&#xE1;fico Nacional Jos&#xE9; Joaqu&#xED;n Hungr&#xED;a Morell (IGN-JJHM).</subfield>
    <subfield code="b">Departamento de Investigaci&#xF3;n</subfield>
    <subfield code="e">autor</subfield>
    <subfield code="9">204196</subfield>
  </datafield>
  <datafield tag="245" ind1="1" ind2="0">
    <subfield code="a">Presi&#xF3;n humana sobre los humedales de San Antonio de Guerra en la Rep&#xFA;blica Dominicana :</subfield>
    <subfield code="b">primera aproximaci&#xF3;n /</subfield>
    <subfield code="c">Instituto Geogr&#xE1;fico Nacional Jos&#xE9; Joaqu&#xED;n Hungr&#xED;a Morell</subfield>
  </datafield>
  <datafield tag="260" ind1=" " ind2=" ">
    <subfield code="a">Santo Domingo :</subfield>
    <subfield code="b">Instituto Panamericano de Geograf&#xED;a e Historia (IPGH),</subfield>
    <subfield code="c">2026</subfield>
  </datafield>
  <datafield tag="300" ind1=" " ind2=" ">
    <subfield code="a">150 p&#xE1;ginas :</subfield>
    <subfield code="b">ilustraciones en color, gr&#xE1;ficos, tablas, mapas ;</subfield>
    <subfield code="c">30 cm</subfield>
  </datafield>
  <datafield tag="504" ind1=" " ind2=" ">
    <subfield code="a">Incluye referencias bibliogr&#xE1;ficas (p&#xE1;ginas: 131-136) e &#xED;ndice</subfield>
  </datafield>
  <datafield tag="505" ind1="0" ind2=" ">
    <subfield code="a">Listado de siglas |
Agradecimientos |
Presentaci&#xF3;n |
Pr&#xF3;logo |
Planteamiento del problema |
Introducci&#xF3;n |
Cap&#xED;tulo I. Aspectos metodol&#xF3;gicos |
Cap&#xED;tulo II. Humedales: perspectiva general |
Cap&#xED;tulo III. Contexto normativo de los humedales y recursos h&#xED;dricos |
Cap&#xED;tulo IV. Descripci&#xF3;n del &#xE1;rea de estudio |
Cap&#xED;tulo V. Contexto socioecon&#xF3;mico del territorio San Antonio de Guerra |
Cap&#xED;tulo VI. Caracterizaci&#xF3;n geogr&#xE1;fica |
Cap&#xED;tulo VII. Caracterizaci&#xF3;n clim&#xE1;tica |
Cap&#xED;tulo VIII. Vulnerabilidad clim&#xE1;tica |
Cap&#xED;tulo IX. Geograf&#xED;a de la poblaci&#xF3;n: evoluci&#xF3;n de los asentamientos humanos |
Cap&#xED;tulo X. Humedales de San Antonio de Guerra |
Cap&#xED;tulo XI. Primer nivel de estudio: an&#xE1;lisis de las lagunas de San Antonio de Guerra |
Cap&#xED;tulo XII. Segundo nivel de estudio: humedales localizados y analizados desde el punto de vista de la calidad del agua |
Cap&#xED;tulo XIII. Tercer nivel de estudio: sistemas de humedales analizados integralmente |
Conclusiones |
Recomendaciones |
Glosario de t&#xE9;rminos |
Referencias bibliogr&#xE1;ficas |
Anexos
</subfield>
  </datafield>
  <datafield tag="520" ind1="3" ind2=" ">
    <subfield code="a">Esta investigaci&#xF3;n, Presi&#xF3;n humana sobre los humedales de San Antonio de Guerra en la Rep&#xFA;blica Dominicana. Primera aproximaci&#xF3;n, es una obra que analiza un tema neur&#xE1;lgico para la vida de los habitantes del municipio Santo Domingo Este, ya que el suministro de agua potable al acueducto de este municipio depende, en gran medida, del agua subterr&#xE1;nea del municipio de Guerra, que cuenta con m&#xE1;s de doscientas lagunas que emergen de las aguas subterr&#xE1;neas que vienen de Los Haitises, as&#xED; como tambi&#xE9;n del r&#xED;o Brujuelas, entre otros aportes acu&#xED;feros. Los objetivos de este estudio se enmarcan en la situaci&#xF3;n actual de los humedales de agua dulce del municipio, con la finalidad de indagar en un modelo replicable de adquisici&#xF3;n de sustento cognoscitivo para la acci&#xF3;n consciente e informada, orientada a la defensa y conservaci&#xF3;n de estos importantes ecosistemas.</subfield>
  </datafield>
  <datafield tag="650" ind1=" " ind2="7">
    <subfield code="2">lemb</subfield>
    <subfield code="a">Humedales</subfield>
    <subfield code="z">San Antonio de Guerra (Rep&#xFA;blica Dominicana : Municipio)</subfield>
    <subfield code="9">204203</subfield>
  </datafield>
  <datafield tag="650" ind1=" " ind2="7">
    <subfield code="2">lemb</subfield>
    <subfield code="a">Conservaci&#xF3;n de humedales</subfield>
    <subfield code="z">San Antonio de Guerra (Rep&#xFA;blica Dominicana : Municipio)</subfield>
    <subfield code="9">204204</subfield>
  </datafield>
  <datafield tag="650" ind1=" " ind2="7">
    <subfield code="2">lemb</subfield>
    <subfield code="a">Purificaci&#xF3;n de aguas residuales</subfield>
    <subfield code="9">31462</subfield>
  </datafield>
  <datafield tag="650" ind1=" " ind2="7">
    <subfield code="2">lemb</subfield>
    <subfield code="a">Tratamiento terrestre de aguas residuales</subfield>
    <subfield code="9">204205</subfield>
  </datafield>
  <datafield tag="650" ind1=" " ind2="7">
    <subfield code="2">lemb</subfield>
    <subfield code="a">Recursos acu&#xE1;ticos</subfield>
  </datafield>
  <datafield tag="650" ind1=" " ind2="7">
    <subfield code="2">lemb</subfield>
    <subfield code="a">Ecosistemas acu&#xE1;ticos</subfield>
    <subfield code="9">90485</subfield>
  </datafield>
  <datafield tag="650" ind1=" " ind2="7">
    <subfield code="2">lemb</subfield>
    <subfield code="a">Conservaci&#xF3;n de los recursos naturales</subfield>
  </datafield>
  <datafield tag="700" ind1="1" ind2=" ">
    <subfield code="a">Troncoso Morales, Bol&#xED;var,</subfield>
    <subfield code="d">1950-</subfield>
    <subfield code="e">presentaci&#xF3;n</subfield>
    <subfield code="9">204190</subfield>
  </datafield>
  <datafield tag="700" ind1="1" ind2=" ">
    <subfield code="a">Correa, Cenia</subfield>
    <subfield code="e">prologuista</subfield>
    <subfield code="9">204191</subfield>
  </datafield>
  <datafield tag="942" ind1=" " ind2=" ">
    <subfield code="2">ddc</subfield>
    <subfield code="c">BK</subfield>
  </datafield>
  <datafield tag="999" ind1=" " ind2=" ">
    <subfield code="c">114582</subfield>
    <subfield code="d">114582</subfield>
  </datafield>
  <datafield tag="952" ind1=" " ind2=" ">
    <subfield code="0">0</subfield>
    <subfield code="1">0</subfield>
    <subfield code="2">ddc</subfield>
    <subfield code="7">0</subfield>
    <subfield code="8">GEN-RD</subfield>
    <subfield code="a">Principal</subfield>
    <subfield code="d">2026-04-15</subfield>
    <subfield code="l">0</subfield>
    <subfield code="o">RD 628.162 I59p 2026</subfield>
    <subfield code="p">260332</subfield>
    <subfield code="r">2026-04-15 15:29:05</subfield>
    <subfield code="t">Ej. 1</subfield>
    <subfield code="w">2026-04-15</subfield>
    <subfield code="y">BK</subfield>
  </datafield>
</record>
